000 00271 a2200121 4500
001 67948
040 _cAnchieta - Pituba
240 1 0 _aLingo macht mint, heft 10
_ldeu / ger
245 1 0 _aLingo macht mint, heft 10
300 _a10
650 4 _aLíngua alemã
942 _cBK
999 _c67948
_d67948